Statistics for Countries by Initial Letter and Continent

Click here to take the quiz!

General Stats

  • This quiz has been taken 41,879 times
  • The average score is 15 of 20

Answer Stats

Letter Continent Country % Correct
DEuropeDenmark
96%
QAsiaQatar
94%
USouth AmericaUruguay
94%
VSouth AmericaVenezuela
91%
UAfricaUganda
88%
HEuropeHungary
84%
JNorth AmericaJamaica
82%
NNorth AmericaNicaragua
81%
ESouth AmericaEcuador
80%
EEuropeEstonia
77%
VOceaniaVanuatu
75%
VAsiaVietnam
74%
GSouth AmericaGuyana
74%
KOceaniaKiribati
73%
KAfricaKenya
67%
PNorth AmericaPanama
66%
ENorth AmericaEl Salvador
65%
KEuropeKosovo
62%
EAsiaEast Timor
50%
GAsiaGeorgia
49%

Score Distribution

Percentile by Number Answered

Percent of People with Each Score

Your Score History

You have not taken this quiz